10 Most Populous Cities in West Virginia - Statistics

General Stats
  • This quiz has been taken 19 times
  • The average score is 7 of 10
Answer Stats
Population City % Correct
46,237 Charleston
100%
44,850 Huntington
89%
30,509 Morgantown
89%
25,945 Wheeling
89%
16,362 Beckley
74%
15,312 Clarksburg
74%
28,812 Parkersburg
74%
18,988 Martinsburg
58%
18,064 Fairmont
47%
18,144 Weirton
47%
No matching quizzes found
Score Distribution
Percent of People with Each Score
Percentile by Number Answered
Your Score History
You have not taken this quiz